[Event "Championnat de France des Jeunes - Juni"]
[Site "TROYES"]
[Date "2010.04.12"]
[Round "2.1"]
[White "Robert, Bastien"]
[Black "Delorme, Axel"]
[Result "0-1"]
[WhiteElo "2052"]
[BlackElo "2429"]
[PlyCount "202"]
[EventDate "2010.??.??"]

1. d4 Nf6 2. c4 e6 3. g3 d5 4. Bg2 dxc4 5. Qa4+ Nbd7 6. Nf3 a6 7. Qxc4 b5 8.
Qc2 Bb7 9. e3 c5 10. O-O Rc8 11. Qe2 Qb6 12. Rd1 Bc6 13. Nbd2 cxd4 14. exd4 Be7
15. Nf1 O-O 16. Ne5 Bxg2 17. Kxg2 Rfd8 18. Bg5 h6 19. Be3 Qb7+ 20. Kg1 Nb6 21.
Rac1 Qd5 22. b3 Ba3 23. Rxc8 Rxc8 24. Qd2 b4 25. Qe2 Qb5 26. Qf3 Nbd5 27. Nc4
Nc3 28. Rd2 Qd5 29. Kg2 Nb5 30. Rc2 Rd8 31. Qxd5 Nxd5 32. Nxa3 bxa3 33. Nd2 Nb4
34. Rc4 Nxa2 35. Nb1 Nb4 36. Nxa3 Nd5 37. Ra4 Nxa3 38. Rxa3 Rb8 39. Rxa6 Rxb3
40. Kf3 g5 41. h3 Kg7 42. Ra8 Rb1 43. Ra3 Nf6 44. Rd3 Kg6 45. Kg2 Nd5 46. Ra3
Re1 47. Bd2 Rd1 48. Be3 h5 49. f3 Nxe3+ 50. Rxe3 Rd2+ 51. Kg1 Rxd4 52. Re2 Kf5
53. Kg2 h4 54. Ra2 Rb4 55. Re2 f6 56. Ra2 Rc4 57. Ra5+ e5 58. Ra2 Rd4 59. Re2
hxg3 60. Kxg3 Rb4 61. Rf2 Rb3 62. Re2 Kg6 63. Kg2 Kh5 64. Kg3 Ra3 65. Kg2 Rd3
66. Kg3 Rd4 67. Rf2 Rd3 68. Re2 Rd4 69. Kg2 Kh4 70. Kh2 Rb4 71. Kg2 Rb5 72.
Re4+ Kh5 73. Re2 f5 74. Kg3 f4+ 75. Kg2 Kg6 76. Kf2 Kf5 77. Kg2 Rb3 78. Ra2 Ke6
79. Kf2 Kd5 80. Rd2+ Ke6 81. Re2 Rc3 82. Ra2 e4 83. Ra6+ Kd7 84. fxe4 Rxh3 85.
Rg6 Rg3 86. e5 Ke7 87. Rf6 Kd7 88. Rd6+ Ke8 89. Rg6 Kf7 90. Rf6+ Ke7 91. Kf1
Rf3+ 92. Kg2 Re3 93. Rg6 Rxe5 94. Kf3 Re3+ 95. Kg4 Rg3+ 96. Kf5 f3 97. Re6+ Kf7
98. Re1 f2 99. Rf1 Rg2 100. Ke4 g4 101. Ke3 g3 0-1

[Event "Championnat de France des Jeunes - Juni"]
[Site "TROYES"]
[Date "2010.04.12"]
[Round "2.2"]
[White "Demuth, Adrien"]
[Black "Devallee, Jeremie"]
[Result "1/2-1/2"]
[WhiteElo "2398"]
[BlackElo "2044"]
[PlyCount "70"]

1. d4 Nf6 2. c4 c5 3. d5 b5 4. cxb5 a6 5. bxa6 Bxa6 6. Nc3 g6 7. Nf3 Bg7 8. g3
d6 9. Bg2 Nbd7 10. Rb1 Ng4 11. O-O O-O 12. Qc2 Qa5 13. Rd1 Rfb8 14. Bd2 Nge5
15. Nxe5 Nxe5 16. b3 c4 17. Ne4 Qd8 18. b4 Bb5 19. Nc3 Qd7 20. Rdc1 Rc8 21.
Nxb5 Qxb5 22. Bc3 Ra3 23. Qd2 Rca8 24. Rc2 Qa4 25. Rbb2 Rxc3 26. Rxc3 Ng4 27.
Rxc4 Bxb2 28. Qxb2 Qd1+ 29. Bf1 Ne5 30. Rd4 Rxa2 31. Qxa2 Qxd4 32. Qb3 Ng4 33.
Qf3 Ne5 34. Qf4 Qxd5 35. h3 Qb3 1/2-1/2

[Event "Championnat de France des Jeunes - Juni"]
[Site "TROYES"]
[Date "2010.04.12"]
[Round "2.3"]
[White "Morlino, Jean-Baptiste"]
[Black "Blum, Nicolas"]
[Result "0-1"]
[WhiteElo "2013"]
[BlackElo "2268"]
[PlyCount "36"]

1. e4 g6 2. g3 c6 3. d4 d5 4. e5 Bg7 5. Nf3 Nh6 6. h3 O-O 7. Bd3 f6 8. Nh4 fxe5
9. dxe5 Nf5 10. Nxf5 Bxf5 11. f4 Qb6 12. h4 Nd7 13. Nc3 e6 14. h5 Nxe5 15. fxe5
Be4 16. Rf1 Bg2 17. Bf4 Bxf1 18. Bxf1 g5 0-1

[Event "Championnat de France des Jeunes - Juni"]
[Site "TROYES"]
[Date "2010.04.12"]
[Round "2.4"]
[White "Levitt, Olivier"]
[Black "Valles, Manuel"]
[Result "0-1"]
[WhiteElo "2004"]
[BlackElo "2242"]
[PlyCount "88"]

1. e4 c5 2. Nf3 Nc6 3. Bb5 g6 4. O-O Bg7 5. Re1 Nf6 6. c3 O-O 7. h3 a6 8. Bxc6
dxc6 9. d4 Qb6 10. Na3 cxd4 11. cxd4 Be6 12. Qc2 Qa5 13. Bd2 Qh5 14. Nc4 Bxh3
15. Nce5 Bg4 16. Qb3 Bxf3 17. gxf3 c5 18. Bf4 Qh3 19. dxc5 Nh5 20. Bh2 Bh6 21.
Qc4 Bf4 22. Bxf4 Nxf4 23. Qf1 Qh5 24. Nd3 Qg5+ 25. Kh1 Qh5+ 26. Kg1 Qg5+ 27.
Kh1 Nxd3 28. Qxd3 Qxc5 29. Kg2 Qg5+ 30. Kf1 Rfd8 31. Qb3 Rd2 32. Red1 Rad8 33.
Rxd2 Rxd2 34. Rc1 Qb5+ 35. Qxb5 axb5 36. b4 Rxa2 37. Rc5 Rd2 38. Rxb5 Rd7 39.
Rc5 f6 40. Ke2 e5 41. Ke3 g5 42. Ke2 Kf7 43. Kf1 Kg6 44. b5 Kf7 0-1

[Event "Championnat de France des Jeunes - Juni"]
[Site "TROYES"]
[Date "2010.04.12"]
[Round "2.5"]
[White "Favarel, Antoine"]
[Black "Poey-Durut, Peio"]
[Result "1/2-1/2"]
[WhiteElo "2231"]
[BlackElo "1995"]
[PlyCount "104"]

1. e4 c6 2. d4 d5 3. e5 c5 4. Nf3 Bg4 5. Be2 e6 6. O-O Nc6 7. c3 Nge7 8. Nbd2
Nf5 9. dxc5 Bxc5 10. Qa4 Bxf3 11. Nxf3 O-O 12. Bd3 Re8 13. Qg4 g6 14. Qh3 Be7
15. Rd1 Nh4 16. Bf4 Nxf3+ 17. Qxf3 Bg5 18. g3 Rc8 19. h4 Bxf4 20. Qxf4 Qc7 21.
Re1 Qb6 22. h5 Qd8 23. Kg2 g5 24. Qf3 Qe7 25. Rad1 h6 26. Bb1 Kg7 27. Qd3 Rh8
28. Re3 Qc7 29. Rde1 Ne7 30. R3e2 Qc4 31. Qf3 Rcg8 32. Rd1 Qc7 33. Qf6+ Kf8 34.
Rd3 Nc6 35. Rde3 Qe7 36. Qxe7+ Kxe7 37. g4 Rc8 38. Rd2 Na5 39. Rd4 Rc4 40. Rf3
Rxd4 41. cxd4 Nc6 42. Rb3 b6 43. Re3 Kd7 44. Rd3 Rf8 45. Bc2 a6 46. Kf3 f6 47.
exf6 Rxf6+ 48. Ke3 Rf4 49. f3 Nb4 50. Rc3 Nc6 51. Rd3 Nb4 52. Rc3 Nc6 1/2-1/2

[Event "Championnat de France des Jeunes - Juni"]
[Site "TROYES"]
[Date "2010.04.12"]
[Round "2.6"]
[White "Dubois, Pierre"]
[Black "Migot, Tangi"]
[Result "0-1"]
[WhiteElo "1882"]
[BlackElo "2195"]
[PlyCount "58"]

1. e4 c5 2. Nf3 d6 3. d4 cxd4 4. Nxd4 Nf6 5. Nc3 a6 6. Bg5 e6 7. f4 Qb6 8. Nb3
Nbd7 9. Qf3 Qc7 10. O-O-O Be7 11. Bd3 b5 12. a3 Bb7 13. Rhe1 h6 14. Qh3 O-O-O
15. Bxf6 Nxf6 16. Nd5 Nxd5 17. exd5 Bxd5 18. Bxb5 Bb7 19. Bf1 Kb8 20. Rd4 Rc8
21. Qd3 d5 22. Ra4 Qc6 23. Ra5 Qb6 24. Ra4 Rc7 25. Na5 Rhc8 26. c3 Bf6 27. Re3
Bxc3 28. bxc3 Rxc3+ 29. Qxc3 Qxe3+ 0-1

[Event "Championnat de France des Jeunes - Juni"]
[Site "TROYES"]
[Date "2010.04.12"]
[Round "2.7"]
[White "Poignot, Quentin"]
[Black "Lemarchand, Matthieu"]
[Result "0-1"]
[WhiteElo "2138"]
[BlackElo "1833"]
[PlyCount "56"]

1. e4 e5 2. Nf3 d5 3. exd5 e4 4. Qe2 Nf6 5. Nc3 Be7 6. Nxe4 Nxd5 7. d4 O-O 8.
Bd2 f5 9. Nc3 Re8 10. O-O-O Nxc3 11. Qc4+ Nd5 12. Qb3 c6 13. c4 Nf6 14. Bc3 Qb6
15. Qc2 Bb4 16. c5 Qa5 17. Qb3+ Nd5 18. Bc4 Bxc3 19. bxc3 Na6 20. Rhe1 Rxe1 21.
Rxe1 Nac7 22. Ng5 h6 23. Bxd5+ cxd5 24. Qxd5+ Be6 25. Qxb7 Qxc3+ 26. Kd1 Qxd4+
27. Kc1 hxg5 28. Qxc7 Rc8 0-1

[Event "Championnat de France des Jeunes - Juni"]
[Site "TROYES"]
[Date "2010.04.12"]
[Round "2.8"]
[White "Piales, Paul"]
[Black "Moucheroud, Jeremy"]
[Result "0-1"]
[WhiteElo "1280"]
[BlackElo "2058"]
[PlyCount "62"]

1. d4 d5 2. c4 e6 3. Nc3 c6 4. e3 Nf6 5. Nf3 Be7 6. Bd3 Nbd7 7. O-O O-O 8. Re1
dxc4 9. Bxc4 b5 10. Bd3 Bb7 11. e4 b4 12. e5 bxc3 13. exf6 Bxf6 14. bxc3 c5 15.
Ba3 Qa5 16. Bb2 Rab8 17. Qc1 Bxf3 18. gxf3 cxd4 19. cxd4 Rfc8 20. Qb1 Bxd4 21.
Rc1 Rxc1+ 22. Qxc1 Bxb2 23. Qc6 Bxa1 24. Qxd7 Qg5+ 25. Kf1 Qd5 26. Qxa7 Qxd3+
27. Kg2 Qg6+ 28. Kf1 Rb1+ 29. Ke2 Qc2+ 30. Ke3 Re1+ 31. Kf4 Be5+ 0-1

[Event "Championnat de France des Jeunes - Juni"]
[Site "TROYES"]
[Date "2010.04.12"]
[Round "2.9"]
[White "Stephan, Victor"]
[Black "Younes, Jean-Francois"]
[Result "0-1"]
[WhiteElo "2244"]
[BlackElo "1777"]
[Annotator "Rivier,Sylvain"]
[PlyCount "62"]

1. d4 f5 2. c4 g6 3. Nf3 Bg7 4. Nc3 d6 5. g3 Nf6 6. Bg2 O-O 7. O-O Na6 8. Rb1
c5 9. d5 h6 10. a3 Bd7 11. Nd2 Qe8 12. e4 g5 13. Qe2 Qg6 14. e5 dxe5 15. d6 e4
16. dxe7 Rfe8 17. f3 e3 18. Qxe3 Ng4 19. Qe2 Bd4+ 20. Kh1 Ne3 21. Re1 Rxe7 22.
Qd3 Rae8 23. Re2 Ng4 24. fxg4 Rxe2 25. Nxe2 Re3 26. Bd5+ Kf8 27. Qc2 Rxe2 28.
Qd1 Qe8 29. Nf1 Nc7 30. Qd3 Nxd5 31. cxd5 Qe5 {suite illisible} 0-1

[Event "Championnat de France des Jeunes - Juni"]
[Site "TROYES"]
[Date "2010.04.12"]
[Round "2.10"]
[White "Durandeau, Jean-Marie"]
[Black "Lepigoche, Cyril"]
[Result "1/2-1/2"]
[WhiteElo "2040"]
[BlackElo "2100"]
[PlyCount "127"]

1. e4 c5 2. Nf3 d6 3. d4 cxd4 4. Nxd4 Nf6 5. Nc3 g6 6. Be3 Bg7 7. f3 O-O 8. Qd2
Nc6 9. O-O-O Nxd4 10. Bxd4 Be6 11. Kb1 Qc7 12. Nd5 Bxd5 13. exd5 Rac8 14. c3 a6
15. h4 b5 16. h5 Qb7 17. hxg6 hxg6 18. Qg5 Rc5 19. Bxc5 dxc5 20. d6 exd6 21.
Rxd6 Qe7 22. Rd1 c4 23. Rh4 Rb8 24. Re4 Qf8 25. Red4 a5 26. Rd6 Nh7 27. Qd8 Bf6
28. Qxf8+ Kxf8 29. Kc2 Kg7 30. Ra6 a4 31. Rdd6 Bd8 32. Rac6 Nf6 33. g4 Be7 34.
Rd1 g5 35. Rc7 Bf8 36. Bh3 Rb6 37. Rd2 Bd6 38. Rc8 Bf4 39. Re2 Nd5 40. Rce8 Rd6
41. Bg2 Kf6 42. R8e4 Rc6 43. a3 Rc8 44. Rd4 Ne3+ 45. Rxe3 Bxe3 46. Re4 Bf4 47.
Bf1 Kg6 48. Be2 Rc5 49. Rd4 f6 50. Kd1 Be5 51. Rd7 Rc8 52. Ke1 Bf4 53. Bd1 Re8+
54. Kf1 Bc1 55. Bc2+ f5 56. Bxf5+ Kf6 57. Rd6+ Ke5 58. Rd1 Rh8 59. Re1+ Kf4 60.
Kg2 Be3 61. Rd1 Ke5 62. Re1 Kf4 63. Rd1 Ke5 64. Re1 1/2-1/2

[Event "Championnat de France des Jeunes - Cade"]
[Site "TROYES"]
[Date "2010.04.12"]
[Round "2.1"]
[White "Louis, Thibault"]
[Black "Song, Julien"]
[Result "0-1"]
[WhiteElo "2012"]
[BlackElo "2329"]
[PlyCount "64"]
[EventDate "2010.??.??"]

1. e4 e6 2. d4 d5 3. Nc3 Nf6 4. Bg5 dxe4 5. Nxe4 Be7 6. Bxf6 Bxf6 7. Nf3 Nd7 8.
Qd2 O-O 9. O-O-O b6 10. Bd3 Bb7 11. Qe2 Qe7 12. h4 c5 13. Neg5 g6 14. Be4 Bxe4
15. Nxe4 Bg7 16. Kb1 Rfc8 17. h5 cxd4 18. hxg6 hxg6 19. Nxd4 Ne5 20. Nd2 b5 21.
Nxb5 Rab8 22. Rh3 a6 23. Nd4 Qb4 24. N4b3 a5 25. a3 Qb6 26. Qe3 a4 27. Qxb6
Rxb6 28. Nd4 Ng4 29. Ne4 f5 30. f3 Ne3 31. Rd3 fxe4 32. fxe4 Nxc2 0-1

[Event "Championnat de France des Jeunes - Cade"]
[Site "TROYES"]
[Date "2010.04.12"]
[Round "2.2"]
[White "Ollier, Pablo"]
[Black "Marcel, Valentin"]
[Result "0-1"]
[WhiteElo "2294"]
[BlackElo "2008"]
[PlyCount "36"]

1. d4 Nf6 2. c4 g6 3. Nc3 Bg7 4. e4 d6 5. Nf3 O-O 6. Be2 Nbd7 7. Bg5 h6 8. Bh4
e5 9. d5 a5 10. O-O Nc5 11. Qc2 g5 12. Bg3 Nh5 13. Nd2 g4 14. b3 Qg5 15. a3 f5
16. b4 Na6 17. exf5 Bxf5 18. Qb3 Qxd2 0-1

[Event "Championnat de France des Jeunes - Cade"]
[Site "TROYES"]
[Date "2010.04.12"]
[Round "2.3"]
[White "Vidal, Llewellyn"]
[Black "Massoni, Michael"]
[Result "1/2-1/2"]
[WhiteElo "2011"]
[BlackElo "2292"]
[PlyCount "115"]

1. Nf3 Nf6 2. g3 g6 3. Bg2 Bg7 4. O-O d6 5. d4 O-O 6. c4 c5 7. Nc3 Nc6 8. b3
cxd4 9. Nxd4 Nxd4 10. Qxd4 Qa5 11. Bb2 Ng4 12. Qd2 Qh5 13. h3 Nf6 14. Kh2 Bd7
15. e3 Rac8 16. Rac1 Rfe8 17. Qe2 Bg4 18. Qd2 Bf3 19. Bxf3 Qxf3 20. Qe2 Qxe2
21. Nxe2 Ng4+ 22. hxg4 Bxb2 23. Rc2 Ba3 24. Nc3 a6 25. Nb1 Bc5 26. a3 Rc6 27.
b4 Ba7 28. Rfc1 Rec8 29. Kg2 Kg7 30. Nd2 b5 31. g5 e6 32. Kf3 Kf8 33. Ke2 Ke7
34. Kd3 bxc4+ 35. Rxc4 Rxc4 36. Rxc4 Rxc4 37. Kxc4 d5+ 38. Kd3 Kd6 39. Nb3 Bb6
40. f3 e5 41. a4 Kc6 42. f4 exf4 43. gxf4 Bd8 44. Nd4+ Kd6 45. e4 dxe4+ 46.
Kxe4 f6 47. f5 fxg5 48. fxg6 hxg6 49. b5 a5 50. Nc6 Bb6 51. Ne5 Bc7 52. Nc6 Kc5
53. Kf3 Kb6 54. Kg4 Bf4 55. Nd4 Bd2 56. Ne6 Be3 57. Kf3 Bc1 58. Kg4 1/2-1/2

[Event "Championnat de France des Jeunes - Cade"]
[Site "TROYES"]
[Date "2010.04.12"]
[Round "2.4"]
[White "Villegas, Pierre"]
[Black "Najart, David"]
[Result "1-0"]
[WhiteElo "2257"]
[BlackElo "1990"]
[PlyCount "53"]

1. d4 d5 2. c4 c6 3. Nf3 Nf6 4. e3 e6 5. b3 Nbd7 6. Bb2 Bd6 7. Bd3 b6 8. O-O
O-O 9. Nbd2 Bb7 10. Ne5 Qe7 11. Qf3 c5 12. Qh3 Ne4 13. Nxd7 Qxd7 14. cxd5 Ng5
15. Qg4 h6 16. dxe6 Nxe6 17. Qf5 g6 18. Qh3 Kh7 19. Ne4 Be7 20. Rad1 f5 21.
dxc5 Qc6 22. Nd6 Bxd6 23. cxd6 Ng5 24. Qg3 f4 25. exf4 Rxf4 26. Bb5 Qe4 27.
Rfe1 1-0

[Event "Championnat de France des Jeunes - Cade"]
[Site "TROYES"]
[Date "2010.04.12"]
[Round "2.5"]
[White "Roth, Antoine"]
[Black "Buscara, Sevan"]
[Result "0-1"]
[WhiteElo "1991"]
[BlackElo "2238"]
[PlyCount "60"]

1. e4 d5 2. exd5 Qxd5 3. Nc3 Qa5 4. Bc4 Nf6 5. d3 Bg4 6. f3 Bd7 7. Bd2 Qb6 8.
Nge2 e6 9. Ng3 h5 10. Qe2 Nc6 11. Na4 Qd4 12. Ne4 Nxe4 13. fxe4 Qe5 14. c3 h4
15. d4 Qa5 16. Bb5 a6 17. c4 Bb4 18. Bxc6 Bxc6 19. Nc3 O-O-O 20. d5 exd5 21.
cxd5 Bb5 22. Qg4+ Kb8 23. Kf2 f5 24. exf5 Bd3 25. Ke3 Bc2 26. Be1 Rhe8+ 27. Kd2
Bxf5 28. Qxg7 Qxd5+ 29. Kc1 Rxe1+ 30. Rxe1 Qd2# 0-1

[Event "Championnat de France des Jeunes - Cade"]
[Site "TROYES"]
[Date "2010.04.12"]
[Round "2.6"]
[White "Grandadam, Nicolas"]
[Black "Nord, Antoine"]
[Result "1-0"]
[WhiteElo "2232"]
[BlackElo "1966"]
[PlyCount "79"]

1. Nf3 Nf6 2. c4 e6 3. Nc3 d5 4. d4 c6 5. Bg5 Nbd7 6. e3 Qa5 7. cxd5 Nxd5 8.
Qd2 Bb4 9. Rc1 c5 10. a3 cxd4 11. axb4 dxc3 12. bxc3 Qb6 13. e4 N5f6 14. Bd3 e5
15. O-O O-O 16. c4 Qc7 17. c5 h6 18. Bh4 Re8 19. Qc3 Nh5 20. Rfe1 Nf4 21. Bg3
Nxd3 22. Qxd3 f6 23. Nd2 Nf8 24. Nc4 Ne6 25. Ne3 Nd4 26. Nd5 Qf7 27. f4 Nc6 28.
b5 exf4 29. bxc6 fxg3 30. Qxg3 Re5 31. cxb7 Bxb7 32. c6 Bc8 33. Rf1 Rg5 34. Qa3
Qf8 35. Qc3 Re5 36. Qxe5 fxe5 37. Rxf8+ Kxf8 38. Rf1+ Kg8 39. Ne7+ Kh7 40. Rf8
1-0

[Event "Championnat de France des Jeunes - Cade"]
[Site "TROYES"]
[Date "2010.04.12"]
[Round "2.7"]
[White "Duboue, Peio"]
[Black "Iwanesko, Alexandre"]
[Result "0-1"]
[WhiteElo "1986"]
[BlackElo "2222"]
[PlyCount "74"]

1. e4 c5 2. Nf3 e6 3. d4 cxd4 4. Nxd4 a6 5. Bd3 Bc5 6. Nb3 Be7 7. O-O Qc7 8. f4
d6 9. Be3 Nf6 10. a4 Nbd7 11. a5 b5 12. axb6 Nxb6 13. N1d2 e5 14. Qe2 Ng4 15.
Bxb6 Qxb6+ 16. Kh1 O-O 17. Nc4 Qc7 18. h3 Nf6 19. Ne3 exf4 20. Nd5 Nxd5 21.
exd5 Bf6 22. c3 Be5 23. Bxa6 Bxa6 24. Rxa6 Qb7 25. Rxa8 Rxa8 26. Qc4 g6 27. Qc6
Rb8 28. Qxb7 Rxb7 29. Nc1 Rxb2 30. Nd3 Rc2 31. Nxe5 dxe5 32. Rf3 Kf8 33. h4 Ke7
34. g3 fxg3 35. Rxg3 Kd6 36. Rd3 f5 37. h5 e4 0-1

[Event "Championnat de France des Jeunes - Cade"]
[Site "TROYES"]
[Date "2010.04.12"]
[Round "2.8"]
[White "Di Nicolantonio, Lucas"]
[Black "Le Goff, Ronan"]
[Result "1/2-1/2"]
[WhiteElo "2215"]
[BlackElo "1962"]
[PlyCount "75"]

1. e4 e5 2. Nf3 Nc6 3. Bb5 a6 4. Ba4 Nf6 5. O-O Be7 6. Re1 b5 7. Bb3 O-O 8. a4
Rb8 9. axb5 axb5 10. d3 d6 11. h3 Nd7 12. c3 Nc5 13. Bd5 Bb7 14. b4 Nd7 15. Na3
Na7 16. Be3 Nc8 17. Bb3 c6 18. d4 Bf6 19. dxe5 Nxe5 20. Nd4 Nc4 21. Nxc4 bxc4
22. Bxc4 c5 23. bxc5 dxc5 24. Nb5 Bc6 25. Qe2 Qe8 26. Rab1 Qxe4 27. f3 Qf5 28.
Qf2 Bxb5 29. Rxb5 Rxb5 30. Bxb5 Bxc3 31. Rd1 Bd4 32. Bxd4 cxd4 33. Bc6 Qf6 34.
Bd5 Nb6 35. Qxd4 Qxd4+ 36. Rxd4 Nxd5 37. Rxd5 g6 38. Kf2 1/2-1/2

[Event "Championnat de France des Jeunes - Cade"]
[Site "TROYES"]
[Date "2010.04.12"]
[Round "2.9"]
[White "Geronimi, Pierre-Francois"]
[Black "Dubessay, Bastien"]
[Result "0-1"]
[WhiteElo "1961"]
[BlackElo "2212"]
[PlyCount "62"]

1. e4 c5 2. Nf3 d6 3. d4 cxd4 4. Nxd4 Nf6 5. Nc3 Nc6 6. f3 e5 7. Nb3 Be7 8. Be3
O-O 9. Qd2 a5 10. a4 Nb4 11. O-O-O Be6 12. g4 Rc8 13. g5 Nd7 14. Kb1 Nb6 15.
Qf2 Nc4 16. Bxc4 Rxc4 17. Qd2 Qa8 18. Bb6 Qa6 19. Qe3 Nxc2 20. Kxc2 Rb4 21. Nd5
Bxd5 22. Rxd5 Rc8+ 23. Kb1 Qxb6 24. Qxb6 Rxb6 25. Nxa5 Bxg5 26. Rhd1 Be7 27.
R1d3 Rb4 28. b3 Rc7 29. Kb2 b6 30. Nc4 Rcxc4 31. Ka3 Rd4 0-1

[Event "Championnat de France des Jeunes - Cade"]
[Site "TROYES"]
[Date "2010.04.12"]
[Round "2.10"]
[White "Ludwig, Remi"]
[Black "Muratet, Lucas"]
[Result "1-0"]
[WhiteElo "2200"]
[BlackElo "1961"]
[Annotator "Rivier,Sylvain"]
[PlyCount "62"]

1. d4 Nf6 2. c4 c5 3. d5 e6 4. Nc3 exd5 5. cxd5 d6 6. Nf3 g6 7. Qa4+ Nbd7 8.
Bf4 a6 9. e4 Rb8 10. Bd3 b5 11. Qc2 Qe7 12. O-O Nh5 13. Bg5 f6 14. Bd2 Ne5 15.
Be2 Nxf3+ 16. Bxf3 Qe5 17. Ne2 b4 18. Rae1 Bd7 19. Bxh5 Qxh5 20. Nf4 Qe5 21.
Nd3 Qe7 22. f4 Bg7 23. e5 O-O 24. exd6 Qxd6 25. Qxc5 Qxc5+ 26. Nxc5 Bb5 27. Rf2
Rfd8 28. Bxb4 Rxd5 29. Ne6 Bc4 30. Nxg7 Rxb4 31. Ne8 Kf7 {suite illisible} 1-0

[Event "Championnat de France des Jeunes - Cade"]
[Site "TROYES"]
[Date "2010.04.12"]
[Round "2.1"]
[White "Lefevre, Margaux"]
[Black "Copin, Oceane"]
[Result "0-1"]
[WhiteElo "2036"]
[BlackElo "1871"]
[PlyCount "60"]
[EventDate "2010.??.??"]

1. e4 c6 2. d4 d5 3. Nc3 dxe4 4. Nxe4 Nf6 5. Nxf6+ gxf6 6. c3 Bf5 7. Nf3 Nd7 8.
g3 e6 9. Bg2 Bd6 10. Nh4 Bg6 11. O-O Qc7 12. Qe2 O-O-O 13. f4 f5 14. b4 Be7 15.
a4 Bxh4 16. gxh4 Nf6 17. b5 Bh5 18. Qe1 Rhg8 19. Kh1 Rxg2 20. Kxg2 cxb5 21.
axb5 Rg8+ 22. Kf2 Ng4+ 23. Ke2 Nxh2+ 24. Kd3 Nxf1 25. Rxa7 Rg3+ 26. Kc2 Qc4 27.
Ra8+ Kd7 28. Ra3 Rg2+ 29. Kb1 Qxb5+ 30. Ka1 Qe2 0-1

[Event "Championnat de France des Jeunes - Cade"]
[Site "TROYES"]
[Date "2010.04.12"]
[Round "2.2"]
[White "Le Bail, Arielle"]
[Black "Jeannerot, Lea"]
[Result "1-0"]
[WhiteElo "1847"]
[BlackElo "2030"]
[PlyCount "63"]

1. d4 d5 2. c4 e6 3. Nc3 Nf6 4. cxd5 exd5 5. Bg5 c6 6. e3 Be7 7. Bd3 O-O 8.
Nge2 Re8 9. Qc2 Nbd7 10. f3 Nf8 11. Bh4 Ng6 12. Bf2 b6 13. O-O c5 14. Bb5 Bd7
15. Bxd7 Qxd7 16. Kh1 c4 17. e4 dxe4 18. fxe4 Ng4 19. Bg1 Nf6 20. Ng3 Bd8 21.
e5 Nd5 22. Nf5 Nxc3 23. Qxc3 b5 24. Nd6 Rf8 25. a4 bxa4 26. Qxc4 Bc7 27. Nxf7
Rae8 28. Nd6+ Re6 29. Rxf8+ Nxf8 30. Ne4 Qc6 31. Nc5 Kh8 32. d5 1-0

[Event "Championnat de France des Jeunes - Cade"]
[Site "TROYES"]
[Date "2010.04.12"]
[Round "2.3"]
[White "De Seroux, Camille"]
[Black "Thuret, Marine"]
[Result "1-0"]
[WhiteElo "2019"]
[BlackElo "1832"]
[PlyCount "45"]

1. e4 c5 2. Nf3 d6 3. d4 cxd4 4. Nxd4 Nf6 5. Nc3 g6 6. Be3 Bg7 7. f3 Nc6 8. Qd2
Bd7 9. O-O-O Rc8 10. g4 h5 11. g5 Nh7 12. Nxc6 bxc6 13. Bd4 O-O 14. f4 Be6 15.
f5 gxf5 16. Bxg7 Kxg7 17. Bd3 Qa5 18. Rhg1 Rb8 19. Qg2 Rg8 20. Qf3 Bxa2 21.
Qxh5 Kh8 22. exf5 Rxb2 23. f6 1-0

[Event "Championnat de France des Jeunes - Cade"]
[Site "TROYES"]
[Date "2010.04.12"]
[Round "2.4"]
[White "Kohi, Camilla"]
[Black "Soubirou, Oriane"]
[Result "0-1"]
[WhiteElo "1824"]
[BlackElo "2017"]
[PlyCount "64"]

1. d4 d5 2. c4 dxc4 3. Nc3 a6 4. Bf4 Nf6 5. e3 e6 6. Bxc4 Nbd7 7. Nf3 b5 8. Bd3
Bb7 9. a3 c5 10. dxc5 Bxc5 11. O-O O-O 12. Ng5 Qb6 13. b4 Be7 14. Nce4 h6 15.
Nxf6+ Nxf6 16. Nf3 Rfd8 17. Rc1 Bd6 18. Bxd6 Rxd6 19. Qe2 Rad8 20. Bb1 Nd5 21.
Qc2 Nf6 22. Qe2 Bd5 23. Ne5 Ba8 24. Rfd1 Nd5 25. Qc2 f5 26. e4 fxe4 27. Qxe4
Nf6 28. Qc2 Be4 29. Rxd6 Qxd6 30. Qe2 Qxe5 31. Re1 Qd4 32. Bxe4 Qxe4 0-1

[Event "Championnat de France des Jeunes - Cade"]
[Site "TROYES"]
[Date "2010.04.12"]
[Round "2.5"]
[White "Auvray, Juliette"]
[Black "Armas, Lena"]
[Result "1-0"]
[WhiteElo "1974"]
[BlackElo "1816"]
[PlyCount "99"]

1. e4 d5 2. exd5 Qxd5 3. Nc3 Qd6 4. d4 Nf6 5. Nf3 a6 6. g3 Nc6 7. Bg2 Bg4 8.
Be3 O-O-O 9. O-O e5 10. dxe5 Nxe5 11. Qxd6 Bxd6 12. Ng5 Bh5 13. Bd4 Rhe8 14. f4
Ned7 15. h3 h6 16. Nge4 Be7 17. f5 Nxe4 18. Bxe4 Bc5 19. Bxc5 Nxc5 20. Rae1
Nxe4 21. Nxe4 f6 22. Nc5 Bf7 23. b3 Rd2 24. Rxe8+ Bxe8 25. Rf2 Rd1+ 26. Rf1 Rd2
27. Rf2 Rd1+ 28. Rf1 Rxf1+ 29. Kxf1 Bf7 30. Kf2 a5 31. Ke3 b6 32. Nd3 Kd7 33.
Kd4 Kd6 34. Nf4 c5+ 35. Ke4 b5 36. g4 c4 37. Kd4 cxb3 38. cxb3 a4 39. bxa4 bxa4
40. a3 Be8 41. h4 Kc6 42. h5 Kb5 43. Ne6 Bc6 44. Nxg7 Bf3 45. g5 fxg5 46. f6 g4
47. f7 g3 48. f8=Q g2 49. Qb8+ Kc6 50. Qg3 1-0

[Event "Championnat de France des Jeunes - Cade"]
[Site "TROYES"]
[Date "2010.04.12"]
[Round "2.6"]
[White "Hourlier, Claire"]
[Black "Morand, Esther"]
[Result "1-0"]
[WhiteElo "1915"]
[BlackElo "1200"]
[PlyCount "41"]

1. e4 d6 2. d4 Nf6 3. Bd3 Nbd7 4. c3 e5 5. Ne2 Be7 6. O-O O-O 7. f4 c6 8. Ng3
exd4 9. cxd4 Qc7 10. Nc3 Re8 11. Qf3 Nf8 12. e5 N6d7 13. Nf5 Nb6 14. Qg3 g6 15.
Nh6+ Kg7 16. f5 dxe5 17. fxg6 hxg6 18. Rxf7+ Kh8 19. Bg5 Be6 20. Bf6+ Bxf6 21.
Rxc7 1-0

[Event "Championnat de France des Jeunes - Cade"]
[Site "TROYES"]
[Date "2010.04.12"]
[Round "2.7"]
[White "Dubois, Emmanuelle"]
[Black "Macarry, Elodie"]
[Result "0-1"]
[WhiteElo "1811"]
[BlackElo "1898"]
[PlyCount "108"]

1. e4 c6 2. d4 d5 3. exd5 cxd5 4. Bd3 Nc6 5. c3 Qc7 6. Bg5 e5 7. dxe5 Nxe5 8.
Bb5+ Nc6 9. Qxd5 Be6 10. Qe4 Bc5 11. a4 Nge7 12. Bxe7 Bxe7 13. Nf3 O-O 14. Nbd2
Rad8 15. O-O Bd5 16. Qe2 Rfe8 17. Rfe1 Qc8 18. Qf1 Qg4 19. h3 Qf4 20. Re2 a6
21. Bxc6 Bxc6 22. Rae1 Bd6 23. Rxe8+ Bxe8 24. Re4 Qf6 25. Qe1 Bc6 26. Rd4 Bc5
27. Ne4 Bxe4 28. Rxd8+ Qxd8 29. Qxe4 Qd1+ 30. Qe1 Qxa4 31. b4 Bf8 32. Nd4 Qd7
33. Qe4 h6 34. Qf5 Qe7 35. Qb1 Qe5 36. g3 Qe8 37. Kg2 Qc8 38. Qd3 Be7 39. Qe3
Qd7 40. f3 Bf6 41. h4 Qc7 42. Qe8+ Kh7 43. Qe4+ g6 44. h5 Qxc3 45. hxg6+ fxg6
46. Qxb7+ Bg7 47. Nc6 Qc2+ 48. Kh3 Qa2 49. Nb8 a5 50. bxa5 Qxa5 51. Qf7 Qa1 52.
Nd7 Qh1+ 53. Kg4 Qh5+ 54. Kf4 g5+ 0-1

[Event "Championnat de France des Jeunes - Cade"]
[Site "TROYES"]
[Date "2010.04.12"]
[Round "2.8"]
[White "Klipper, Noemie"]
[Black "Muller, Marion"]
[Result "1-0"]
[WhiteElo "1872"]
[BlackElo "1943"]
[PlyCount "95"]

1. c4 e6 2. Nc3 d5 3. d4 c5 4. cxd5 exd5 5. Nf3 Nc6 6. Bf4 a6 7. e3 Nf6 8. Be2
Be7 9. O-O O-O 10. a3 c4 11. Ne5 Bf5 12. Bf3 Na5 13. g4 Be6 14. Kh1 Ne8 15. g5
Nb3 16. Ra2 Nc7 17. Rg1 Nb5 18. Bg4 Nxc3 19. bxc3 Qc8 20. Qf3 f6 21. gxf6 Bxf6
22. Qh3 Bxg4 23. Rxg4 Qf5 24. Rb2 h5 25. Rg3 Qxh3 26. Rxh3 g5 27. Rg3 g4 28. h3
Bxe5 29. Bxe5 Rf3 30. Kg2 Rxg3+ 31. Kxg3 gxh3 32. Kxh3 Kf7 33. Kh4 Kg6 34. f3
Rg8 35. e4 Kf7 36. exd5 Rg1 37. d6 Rc1 38. Rg2 Rh1+ 39. Kg5 Na5 40. Kf5 Nc6 41.
d7 Rh3 42. f4 Ne7+ 43. Ke4 Nc6 44. d5 Nd8 45. Rg7+ Kf8 46. Rh7 Rd3 47. Bf6 Nf7
48. Rxf7+ 1-0